Media writer's handbook : (رقم التسجيلة. 20081)

تفاصيل مارك
000 -الفاتح
حقل البيانات ثابتة الطول 01281cam a2200325 a 4500
001 - رقم الضبط
رقم الضبط 15242275
003 - محدد رقم الضبط
رقم الضبط OSt
005 - وقت وتاريخ اخر تعامل مع التسجيلة
رقم الضبط 20150408114001.0
008 - عناصر البيانات ثابتة الطول - معلومات عامة
حقل البيانات ثابتة الطول 111215s2009 mau 001 0 eng
010 ## - رقم ضبط مكتبة الكونجرس
رقم ضبط مكتبة الكونجرس 2008014981
020 ## - الرقم الدولى المعيارى للكتب
الرقم الدولى المعيارى للكتاب 9780073378855 (pbk. : spiral bound : alk. paper)
020 ## - الرقم الدولى المعيارى للكتب
الرقم الدولى المعيارى للكتاب 0073378852 (pbk. : spiral bound : alk. paper)
040 ## - مصدر الفهرسة
وكالة الفهرسة الأصلية DLC
وكالة النسخ DLC
وكالة التعديل DLC
050 00 - رقم طلب مكتبة الكونجرس
رقم التصنيف PN4783
رقم المادة .A76 2009
082 00 - رقم تصنيف ديوى العشرى
رقم التصنيف 808.027 A G M
رقم الطبعة 22
100 1# - المدخل الرئيسى - إسم شخصى
الإسم الشخصى Arnold, George T.
9 (RLIN) 8670
245 10 - بيان العنوان
العنوان Media writer's handbook :
بقية العنوان a guide to common writing and editing problems /
بيان المسئوليه,etc George T. Arnold.
250 ## - بيان الطبعة
بيان الطبعة 5th ed.
260 ## - PUBLICATION, DISTRIBUTION, ETC. (IMPRINT)
مكان الناشر او الموزع Boston :
اسم الناشر او الموزع McGraw-Hill Higher Education,
تاريخ النشر أو التوزيع c2009.
300 ## - الوصف المادى
التعداد xxi, 335, 8 p. ;
أبعاد الوعاء 23 cm.
500 ## - تبصرة عامة
تبصرة عامة Includes index.
650 #0 - المدخل الاضافى بالموضوع-مصطلح موضوعى
مصطلح موضوعي أو اسم جغرافي كعنصر مدخل Journalism
التقسيم الفرعي الشكلي Style manuals.
9 (RLIN) 8671
650 #0 - المدخل الاضافى بالموضوع-مصطلح موضوعى
مصطلح موضوعي أو اسم جغرافي كعنصر مدخل Journalism
التقسيم الفرعي العام Authorship.
9 (RLIN) 8672
650 #0 - المدخل الاضافى بالموضوع-مصطلح موضوعى
مصطلح موضوعي أو اسم جغرافي كعنصر مدخل Mass media
التقسيم الفرعي العام Authorship.
9 (RLIN) 8673
856 42 - الوصول و الموقع الالكترونى
مواد محددة Publisher description
معرف المصدر الموحد <a href="http://www.loc.gov/catdir/enhancements/fy0834/2008014981-d.html">http://www.loc.gov/catdir/enhancements/fy0834/2008014981-d.html</a>
856 41 - الوصول و الموقع الالكترونى
مواد محددة Table of contents only
معرف المصدر الموحد <a href="http://www.loc.gov/catdir/enhancements/fy0834/2008014981-t.html">http://www.loc.gov/catdir/enhancements/fy0834/2008014981-t.html</a>
906 ## - عنصر بيانات محلى F, LDF (RLIN)
a 7
b cbc
c orignew
d 1
e ecip
f 20
g y-gencatlg
942 ## - عناصر المدخل الإضافي( كوها)
مصدر التصنيف او مخطط الترفيف Dewey Decimal Classification
Koha [default] item type DVD
المقتنيات
حالة الفقد نموذج السعر الفعال حالة تلف ليس للاعارة رقم الطلب تاريخ الاكتساب الموقع الحالي الباركود الفرع الرئيسي Date last seen نوع المادة فى نظام كوها مصدر التصنيف او خطة الترفيف Total Checkouts
  2013-03-10     808.027 A G M 2011-12-15 قسم الاجراءات الفنية (IC) 00100329 قسم الاجراءات الفنية (IC) 2013-03-10 كتاب Dewey Decimal Classification  
  2013-03-10     808.027 A G M 2011-12-15 قسم الاجراءات الفنية (IC) 00100330 قسم الاجراءات الفنية (IC) 2013-03-10 كتاب Dewey Decimal Classification